Automatizovaný systém vyhodnocovania merania elektrických veličín

Enregistré dans:
Détails bibliographiques
Auteur principal: Medviď, Matúš (Auteur)
Autres auteurs: Šišmišová, Dana (Directeur de thèse)
Format: Manuscrit Livre
Langue:slovaque
Publié: 2023
Sujets:
Accès en ligne:http://is.stuba.sk/zp/portal_zp.pl?podrobnosti=162530
Tags: Ajouter un tag
Pas de tags, Soyez le premier à ajouter un tag!

MARC

LEADER 00000ntm a22000003a 4500
001 stuzp94954
003 SK-STU
005 20230909223624.5
007 ta
008 150427s2015----xo-----f-mn---000-0-slo-d
040 |a STU  |b slo 
041 0 |a slo 
100 1 |a Medviď, Matúš  |u 020020  |4 aut  |U SjF Strojnícka fakulta  |T SjF Ústav automatizácie, merania a aplikovanej informatiky  |X 110687  |U J0020  |Y 802  |7 110687 
242 0 1 |a Automated system for evaluating the measurement of electrical quantities  |y eng 
245 1 0 |a Automatizovaný systém vyhodnocovania merania elektrických veličín 
260 |c 2023 
650 4 |a automatizácia  |2 slo 
650 4 |a elektrické veličiny  |2 slo 
650 4 |a MATLAB  |2 slo 
650 4 |a snímače  |2 slo 
650 4 |a Arduino  |2 slo 
650 4 |a automation  |2 eng 
650 4 |a MATLAB  |2 eng 
650 4 |a Arduino  |2 eng 
650 4 |a electric quantities  |2 eng 
650 4 |a sensors  |2 eng 
700 1 |a Šišmišová, Dana  |u 020020  |k Z2  |4 ths  |U SjF Strojnícka fakulta  |T SjF Ústav automatizácie, merania a aplikovanej informatiky  |X 14613  |U J0020  |Y 802  |7 A000014613 
856 4 |u http://is.stuba.sk/zp/portal_zp.pl?podrobnosti=162530